Jeux Vidéos sans voyelles #1 - Statistiques

Statistiques générales
  • Ce quiz a été pris 2 008 fois
  • Le résultat moyen est 17 sur 20
Statistiques - réponses
Indices Réponses % Correct
MNCRFT Minecraft
99%
TH LGND F ZLD The Legend of Zelda
99%
MR KRT Mario Kart
96%
LG F LGNDS League of Legends
95%
STRT FGHTR Street Fighter
95%
SSSSN'S CRD Assassin's Creed
94%
CLL F DT Call of Duty
94%
RSDNT VL Resident Evil
93%
VLRNT Valorant
90%
KNGDM HRTS Kingdom Hearts
89%
RD DD RDMPTN Red Dead Redemption
88%
JST DNC Just Dance
87%
GNSHN MPCT Genshin Impact
85%
FNL FNTS Final Fantasy
82%
SKRM Skyrim
81%
NCHRTD Uncharted
77%
TTRS Tetris
70%
DTRT: BCM HMN Detroit: Become Human
62%
SPC NVDRS Space Invaders
56%
MNG S Among Us
35%
Aucun quiz correspondant
Distribution des résultats
% des personnes avec chaque résultat
Percentile par nombre de réponses
Votre historique - résultats
Vous n’avez pas pris ce quiz